[Event "Arco op 33rd"]
[Site "Arco"]
[Date "2011.10.28"]
[Round "7"]
[White "Alagia, Pietro"]
[Black "Thonig, Manfred"]
[Result "0-1"]
[WhiteElo "1763"]
[BlackElo "1647"]
[PlyCount "40"]
[EventDate "2011.10.22"]
[EventType "swiss"]
[EventRounds "9"]
[EventCountry "ITA"]
[SourceTitle "EXT 2012"]
[Source "ChessBase"]
[SourceDate "2011.11.24"]
[SourceVersion "1"]
[SourceVersionDate "2011.11.24"]
[SourceQuality "1"]

1. d4 d5 2. g3 g6 3. Bg2 Nf6 4. Nf3 Bg7 5. 0-0 0-0 6. Nbd2 Nc6 7. Re1 Re8 8. e3 e5 9. dxe5 Nxe5 10. Qe2 a6 11. Nxe5 Rxe5 12. Nf3 Re8 13. c4 c6 14. b3 Bg4 15. Bb2 Qd7 16. Qf1 Qc7 17. Rac1 dxc4 18. Rxc4 Be6 19. Be5 Bxc4 20. Qxc4 Rxe5 0-1

[Event "Arco op 33rd"]
[Site "Arco"]
[Date "2011.10.24"]
[Round "3"]
[White "Ledent, Philippe"]
[Black "Alagia, Pietro"]
[Result "1-0"]
[WhiteElo "1887"]
[BlackElo "1763"]
[PlyCount "119"]
[EventDate "2011.10.22"]
[EventType "swiss"]
[EventRounds "9"]
[EventCountry "ITA"]
[SourceTitle "EXT 2012"]
[Source "ChessBase"]
[SourceDate "2011.11.24"]
[SourceVersion "1"]
[SourceVersionDate "2011.11.24"]
[SourceQuality "1"]

1. d4 d5 2. c4 c6 3. Nc3 g6 4. Nf3 Bg7 5. Bf4 Nf6 6. e3 0-0 7. Bd3 Nbd7 8. 0-0 dxc4 9. Bxc4 Nb6 10. Bd3 Nbd5 11. Nxd5 Nxd5 12. Bg3 Bh6 13. Re1 Bg4 14. h3 Bxf3 15. Qxf3 Nb4 16. Bb1 Qd5 17. Be4 Qe6 18. a3 Nd5 19. Rac1 Nf6 20. Bb1 Qd5 21. Qe2 Rad8 22. Rc5 Qb3 23. Rc3 Qd5 24. Qc2 Nd7 25. b4 Qh5 26. Qb3 Bg7 27. Rec1 e5 28. dxe5 Bxe5 29. Bxe5 Qxe5 30. Ba2 Nf6 31. Rc5 Qd6 32. Qc4 Qd2 33. Bb1 Rd6 34. Qf4 Nh5 35. Qe5 Re6 36. Qc7 Nf6 37. Qxb7 Rd8 38. R5c2 Qd3 39. Ba2 Rd7 40. Qa8+ Re8 41. Qxc6 Nh5 42. Bc4 Qd6 43. Qxd6 Rxd6 44. Be2 Nf6 45. Rc7 Red8 46. Rxa7 Ne4 47. Bf3 Ng5 48. Rcc7 Nxf3+ 49. gxf3 Rd5 50. f4 g5 51. Rxf7 gxf4 52. Rxf4 R8d6 53. Rg4+ Kf8 54. Rxh7 Rd1+ 55. Kg2 Ra1 56. Ra7 Rdd1 57. Rd4 Rg1+ 58. Kf3 Ke8 59. Rdd7 Rgf1 60. Rh7 1-0

[Event "Amantea op-B 8th"]
[Site "Amantea"]
[Date "2010.08.31"]
[Round "3"]
[White "Grasso, Francesco"]
[Black "Alagia, Pietro"]
[Result "1/2-1/2"]
[WhiteElo "1488"]
[BlackElo "1673"]
[PlyCount "77"]
[EventDate "2010.08.29"]
[EventType "swiss"]
[EventRounds "9"]
[EventCountry "ITA"]
[SourceTitle "CBM 138 Extra"]
[Source "ChessBase"]
[SourceDate "2010.10.29"]
[SourceVersion "1"]
[SourceVersionDate "2010.10.29"]
[SourceQuality "1"]

1. e4 d5 2. Nf3 g6 3. e5 c5 4. c3 Nc6 5. d4 e6 6. Be2 cxd4 7. Nxd4 Qb6 8. Nxc6 bxc6 9. 0-0 a5 10. Qc2 Bc5 11. Nd2 Qa7 12. b3 Ne7 13. Bf3 Nf5 14. Bb2 Ba6 15. c4 0-0 16. Be2 Qe7 17. Nf3 Rfd8 18. Rad1 Rd7 19. Bc1 Kg7 20. Bg5 Qf8 21. Bf6+ Kg8 22. Bd3 Nd4 23. Nxd4 Bxd4 24. Qe2 c5 25. Qf3 Bb7 26. cxd5 exd5 27. Qg4 Bc8 28. Qg3 Ba6 29. h4 c4 30. bxc4 dxc4 31. Be2 c3 32. Bxa6 Rxa6 33. Rc1 Re6 34. h5 Rd5 35. hxg6 fxg6 36. Qg4 Re8 37. Qe4 Qc5 38. Qc2 Bxe5 39. Bxe5 1/2-1/2

[Event "Praia op 2nd"]
[Site "Praia a Mare"]
[Date "2010.04.01"]
[Round "3"]
[White "Paragliola, Gennaro"]
[Black "Alagia, Pietro"]
[Result "1-0"]
[WhiteElo "1600"]
[BlackElo "1688"]
[PlyCount "57"]
[EventDate "2010.03.31"]
[EventType "swiss"]
[EventRounds "5"]
[EventCountry "ITA"]
[SourceTitle "EXT 2023"]
[Source "ChessBase"]
[SourceDate "2022.10.05"]
[SourceVersion "1"]
[SourceVersionDate "2022.10.05"]
[SourceQuality "1"]

1. d4 d5 2. c4 c6 3. cxd5 cxd5 4. Nc3 g6 5. Nf3 Bg7 6. Bf4 Nf6 7. e3 0-0 8. Rc1 Bg4 9. h3 Bf5 10. Be2 Nc6 11. 0-0 Ne4 12. Qb3 Nxc3 13. Rxc3 Qd7 14. Bb5 a6 15. Bxc6 bxc6 16. Ne5 Bxe5 17. Bxe5 Ra7 18. Qa4 f6 19. Bg3 Rc8 20. Rfc1 Qb7 21. Rxc6 Rxc6 22. Qxc6 Qxb2 23. Qe8+ Kg7 24. Qc6 Qxa2 25. Bb8 Bd7 26. Qc5 Rb7 27. Qxe7+ Kh6 28. Bf4+ Kh5 29. Qxh7# 1-0

[Event "Cutro op-B 15th"]
[Site "Cutro"]
[Date "2009.04.25"]
[Round "6"]
[White "Tricomi, Massimo"]
[Black "Alagia, Pietro"]
[Result "0-1"]
[WhiteElo "1882"]
[BlackElo "1631"]
[PlyCount "70"]
[EventDate "2009.04.20"]
[EventType "swiss"]
[EventRounds "7"]
[EventCountry "ITA"]
[SourceTitle "EXT 2011"]
[Source "ChessBase"]
[SourceDate "2010.11.26"]
[SourceVersion "1"]
[SourceVersionDate "2010.11.26"]
[SourceQuality "1"]

1. d4 d5 2. c4 c6 3. Nf3 g6 4. Nc3 Bg7 5. e3 Nf6 6. b3 0-0 7. Be2 Nbd7 8. 0-0 Re8 9. Bb2 Nf8 10. cxd5 cxd5 11. Rc1 e6 12. Nb5 Re7 13. Ba3 Rd7 14. Ne5 Ne4 15. Nxd7 Nxd7 16. Bd6 a6 17. Bc7 Qh4 18. Bg3 Nxg3 19. hxg3 Qe7 20. Nc7 Rb8 21. Rc2 b5 22. Qd2 Qg5 23. Rfc1 h5 24. Nxe6 fxe6 25. Rxc8+ Rxc8 26. Rxc8+ Kh7 27. Qa5 Nf6 28. Qxa6 h4 29. gxh4 Qxh4 30. Qxe6 Ne4 31. Qg8+ Kh6 32. Qh8+ Kg5 33. Qxh4+ Kxh4 34. Bxb5 Bf6 35. Rh8+ Bxh8 0-1

[Event "Cutro op-B 15th"]
[Site "Cutro"]
[Date "2009.04.24"]
[Round "5"]
[White "Alagia, Pietro"]
[Black "Yaqoubi, Naqib Ullah"]
[Result "1-0"]
[WhiteElo "1631"]
[BlackElo "1440"]
[PlyCount "117"]
[EventDate "2009.04.20"]
[EventType "swiss"]
[EventRounds "7"]
[EventCountry "ITA"]
[SourceTitle "EXT 2011"]
[Source "ChessBase"]
[SourceDate "2010.11.26"]
[SourceVersion "1"]
[SourceVersionDate "2010.11.26"]
[SourceQuality "1"]

1. d4 g6 2. c3 d5 3. Nf3 Bg7 4. g3 Nf6 5. Bg2 Nbd7 6. 0-0 c6 7. Re1 0-0 8. Nfd2 Re8 9. e4 dxe4 10. Nxe4 Nxe4 11. Bxe4 e6 12. Nd2 a6 13. Nf3 Nf8 14. Bf4 Qb6 15. Qc2 Nd7 16. Re2 Re7 17. Rae1 c5 18. d5 e5 19. Bg5 Nf6 20. c4 Bd7 21. h4 h6 22. Bxf6 Bxf6 23. b3 Bg7 24. Nh2 a5 25. Re3 Rf8 26. Qe2 Qd6 27. h5 b6 28. g4 g5 29. Nf1 f5 30. gxf5 Bxf5 31. Ng3 Bxe4 32. Nxe4 Qd7 33. Rg3 Ref7 34. Qd3 Qf5 35. Ree3 g4 36. Qe2 Qxh5 37. Qxg4 Qxg4 38. Rxg4 h5 39. Rg6 Rf4 40. Rxb6 Rg4+ 41. Kf1 Rff4 42. Nxc5 h4 43. Nd3 Rf5 44. Re6 Rg3 45. Rxg3 hxg3 46. Rg6 e4 47. Nc5 e3 48. Rxg3 Kh8 49. Rxe3 Bd4 50. Rh3+ Kg8 51. Nd3 Bb6 52. Rh6 Be3 53. Ra6 Bd2 54. a3 Rf3 55. Rg6+ Kh7 56. Rg3 Rf7 57. b4 axb4 58. axb4 Ra7 59. c5 1-0

[Event "Cosenza Province-ch"]
[Site "Aieta"]
[Date "2009.04.10"]
[Round "3"]
[White "Minucci, Veronica"]
[Black "Alagia, Pietro"]
[Result "0-1"]
[WhiteElo "1389"]
[BlackElo "1631"]
[PlyCount "60"]
[EventDate "2009.04.09"]
[EventType "swiss"]
[EventRounds "5"]
[EventCountry "ITA"]
[SourceTitle "EXT 2024"]
[Source "ChessBase"]
[SourceDate "2023.10.10"]
[SourceVersion "1"]
[SourceVersionDate "2023.10.10"]
[SourceQuality "1"]

1. e4 e5 2. Nf3 d6 3. Be2 Nf6 4. d3 Nc6 5. h3 Be7 6. 0-0 Nh5 7. d4 Nf4 8. Bxf4 exf4 9. d5 Ne5 10. Nxe5 dxe5 11. Bb5+ Bd7 12. Nc3 0-0 13. Qe2 Qe8 14. a4 a6 15. Bxd7 Qxd7 16. Qh5 f5 17. Rae1 Bd6 18. f3 b6 19. g4 fxg3 20. Re2 f4 21. Qg4 Qxg4 22. hxg4 Rf6 23. Rg2 Raf8 24. Nd1 Rh6 25. Re1 Rh3 26. Kf1 Rf6 27. Ke2 Rfh6 28. Reg1 Bc5 29. Kf1 Bxg1 30. Kxg1 Rh1# 0-1

[Event "Amantea op-B 6th"]
[Site "Amantea"]
[Date "2008.09.03"]
[Round "4"]
[White "Nicoletta, Oscare"]
[Black "Alagia, Pietro"]
[Result "0-1"]
[WhiteElo "1419"]
[BlackElo "1706"]
[PlyCount "90"]
[EventDate "2008.08.31"]
[EventType "swiss"]
[EventRounds "9"]
[EventCountry "ITA"]
[SourceTitle "CBM 126 Extra"]
[Source "ChessBase"]
[SourceDate "2008.11.05"]
[SourceVersion "1"]
[SourceVersionDate "2008.11.05"]
[SourceQuality "1"]

1. e4 e6 2. d4 d5 3. e5 c5 4. Nf3 cxd4 5. Nxd4 Bd7 6. c3 Bc5 7. Qb3 Qc7 8. Bb5 Qxe5+ 9. Be3 Qc7 10. 0-0 Qb6 11. a4 Nc6 12. Qd1 Nf6 13. Nd2 Nxd4 14. Bxd7+ Nxd7 15. b4 Nf3+ 16. Qxf3 Bxe3 17. Qxe3 Qxe3 18. fxe3 Ne5 19. e4 Nc4 20. Nxc4 dxc4 21. Rf4 0-0 22. e5 Rac8 23. a5 Rfd8 24. g3 Rd3 25. Raf1 Rc7 26. Rc1 Rcd7 27. Rxc4 h6 28. Rc8+ Kh7 29. c4 Re3 30. Rc5 Kg6 31. b5 Kg5 32. Kf2 Re4 33. a6 b6 34. Rc8 Rxe5 35. Kf3 f5 36. h4+ Kh5 37. Kf4 Re4+ 38. Kf3 Red4 39. c5 Rd2 40. cxb6 R7d3+ 41. Kf4 Rd4+ 42. Ke3 R4d3+ 43. Kf4 Rf2+ 44. Ke5 Re2+ 45. Kf4 Re4# 0-1

[Event "Amantea op-B 6th"]
[Site "Amantea"]
[Date "2008.09.01"]
[Round "2"]
[White "Alagia, Pietro"]
[Black "Gad, Alessandro"]
[Result "0-1"]
[WhiteElo "1706"]
[BlackElo "1548"]
[PlyCount "60"]
[EventDate "2008.08.31"]
[EventType "swiss"]
[EventRounds "9"]
[EventCountry "ITA"]
[SourceTitle "CBM 126 Extra"]
[Source "ChessBase"]
[SourceDate "2008.11.05"]
[SourceVersion "1"]
[SourceVersionDate "2008.11.05"]
[SourceQuality "1"]

1. d4 Nf6 2. Nf3 e6 3. Nc3 d5 4. b3 Bd6 5. Nb5 0-0 6. Bg5 Nbd7 7. e3 Bb4+ 8. c3 Ba5 9. b4 Bb6 10. c4 a6 11. cxd5 axb5 12. dxe6 fxe6 13. Bxb5 c6 14. Bc4 Qe8 15. Qc2 Kh8 16. Qb3 e5 17. 0-0 Bc7 18. dxe5 Ng4 19. Bf4 Ndxe5 20. Nxe5 Bxe5 21. Rae1 Bf5 22. h3 Nf6 23. g4 Qg6 24. Bxe5 Bxg4 25. Kh2 Bxh3 26. Rg1 Ng4+ 27. Rxg4 Qxg4 28. Bxg7+ Qxg7 29. Bf1 Bxf1 30. Rxf1 Rg8 0-1